| 000 | 00430nam a2200193Ia 4500 | ||
|---|---|---|---|
| 005 | 20240823035431.0 | ||
| 008 | 240823s9999||||xx |||||||||||||| ||und|| | ||
| 020 | _a978-93-5009-443-3 | ||
| 041 | _aENGLISH | ||
| 082 | _A813.6 Q2 | ||
| 100 | _aTuhin A Sinha | ||
| 245 | 4 | _aThe Edge of Desire | |
| 250 | _a1st | ||
| 260 |
_c2012 _bHhachette |
||
| 500 | _aYES | ||
| 650 |
_aNovel _bEnglish |
||
| 942 | _cBK | ||
| 999 |
_c200677 _d200677 |
||